MARC

LEADER 00000nam a2200000Ia 4500
001 18830, 18831, 18832, 18833
008 160829s1914 - xx 000 0 cat d
080 |a C-2-499, C-2-500, C-2-501, C-2-502 
100 |a Rahola, Silvio  |9 44116 
245 |a Tratado de ferrocarriles / por Silvio Rahola 
260 |a Madrid :  |b Sucesores de Rivadeneyra,  |c 1914 - 
300 |a v. :  |b  il. ;  |c 25 cm 
590 |a Conté: v. 1: Vía y obras; v. 3: Tracción por vapor; v. 4: Estaciones y movimiento; v. 5: Servicios comerciales 
650 |a Ferrocarrils  |x Normes  |9 44117 
866 |a 1914 (1), 1915 (3), 1916 (4), 1918 (5) 
901 |a Arxiu 
942 |n 1 
952 |0 0  |1 0  |4 0  |6 C2499_C2500_C2501_C2502  |7 1  |9 51802  |a Arxiu  |b Arxiu  |d 2016-12-01  |l 0  |o C-2-499, C-2-500, C-2-501, C-2-502  |p 18830, 18831, 18832,  |r 2016-12-01 00:00:00  |w 2016-12-01  |y ARXIU 
999 |c 55648  |d 55648